000 00496nam a2200181Ia 4500
008 151202s9999||||xx |||||||||||||| ||und||
082 _bPNVM-50676
100 _aमिरासदार द.मा.
245 _aहंसणावळ.
260 _b---
260 _c50676
300 _a0
600 _aमिरासदार द.मा.
630 _aहंसणावळ.
700 _aमिरासदार द.मा.
730 _aहंसणावळ.
942 _cBOOK
999 _c1317218
_d1317215